书目信息 |
| 题名: |
跨文化沟通
|
|
| 作者: | 陈国海 , 杜云华 , 范文杰 编著 | |
| 分册: | ||
| 出版信息: | 北京 清华大学出版社 2024.07 |
|
| 页数: | 289页 | |
| 开本: | 26cm | |
| 丛书名: | 21世纪卓越人力资源管理与服务丛书 | |
| 单 册: | ||
| 中图分类: | G115 | |
| 科图分类: | ||
| 主题词: | 文化交流--研究 | |
| 电子资源: | ||
| ISBN: | 978-7-302-66614-1 | |
| 000 | 01278nam0 2200301 450 | |
| 001 | 013051349 | |
| 005 | 20251022184023.40 | |
| 010 | @a978-7-302-66614-1@dCNY59.80 | |
| 100 | @a20240801d2024 em y0chiy0120 ea | |
| 101 | 0 | @achi |
| 102 | @aCN@b110000 | |
| 105 | @ay z 000yy | |
| 106 | @ar | |
| 200 | 1 | @a跨文化沟通@9kua wen hua gou tong@f陈国海,杜云华,范文杰编著 |
| 205 | @a3版 | |
| 210 | @a北京@c清华大学出版社@d2024.07 | |
| 215 | @a289页@d26cm | |
| 225 | 1 | @a21世纪卓越人力资源管理与服务丛书 |
| 300 | @a清华经管 | |
| 330 | @a本书分理论管和实务篇。理论篇阐述了文化与沟通、语言在跨文化商务沟通中的作用、跨文化非语言沟通、不同文化间的信息沟通、建立关系的文化准则;实务篇阐述了跨文化冲突与谈判、跨文化沟通中的法律因素、海峡两岸及港澳的跨地区文化沟通、跨文化交友、留学教育与交流以及出境旅游。本书吸收了现有跨文化沟通相关教材和专著的优点,又从谈判、商贸、交友、留学、旅游等常见的实践领域对跨文化沟通进行了概括和介绍,弥补了相关教材和专著的不足。 | |
| 461 | 0 | @12001 @a21世纪卓越人力资源管理与服务丛书 |
| 606 | 0 | @a文化交流@x研究 |
| 690 | @aG115@v5 | |
| 701 | 0 | @a陈国海@9chen guo hai@4编著 |
| 701 | 0 | @a杜云华@9du yun hua@c(女)@4编著 |
| 701 | 0 | @a范文杰@9fan wen jie@4编著 |
| 801 | 0 | @aCN@c20250905 |
| 905 | @a河南城建学院图书馆@dG115@eC422=3@ZC422=3@f1 | |
| 跨文化沟通/陈国海,杜云华,范文杰编著.-3版.-北京:清华大学出版社,2024.07 |
| 289页;26cm.-(21世纪卓越人力资源管理与服务丛书) |
| 清华经管 |
| ISBN 978-7-302-66614-1:CNY59.80 |
| 本书分理论管和实务篇。理论篇阐述了文化与沟通、语言在跨文化商务沟通中的作用、跨文化非语言沟通、不同文化间的信息沟通、建立关系的文化准则;实务篇阐述了跨文化冲突与谈判、跨文化沟通中的法律因素、海峡两岸及港澳的跨地区文化沟通、跨文化交友、留学教育与交流以及出境旅游。本书吸收了现有跨文化沟通相关教材和专著的优点,又从谈判、商贸、交友、留学、旅游等常见的实践领域对跨文化沟通进行了概括和介绍,弥补了相关教材和专著的不足。 |
| ● |
| 相关链接 |
|
|
|
正题名:跨文化沟通
索取号:G115/C422=3
 
预约/预借
| 序号 | 登录号 | 条形码 | 馆藏地/架位号 | 状态 | 备注 |
| 1 | 1631257 | 216312577 | 社科库409/409社科库 56排1列1层/ [索取号:G115/C422=3] | 在馆 |